Ricostruisci la Carriera del Calciatore - Douglas Costa - Statistics

Statistiche generali
  • Questo quiz è stato fatto 9 volte
  • Il punteggio medio è 3 su 8
Statistiche sulle risposte
Hint Risposta % Corretto
2008-2010 Grêmio
67%
2017-2020 Juventus
67%
2020-2021 Bayern Monaco
33%
2024- Fluminense
33%
2022-2023 LA Galaxy
33%
2010-2015 Šachtar
33%
2015-2017 Bayern Monaco
17%
2021-2022 Grêmio
0%
Nessun quiz corrispondente trovato
Distribuzione punteggi
Percentuale di utenti per punteggio
Percentile per numero di risposta
I tuoi punteggi nel tempo
Non hai fatto questo quiz